[Event "Thessaloniki/Chalkidiki-chT"]
[Site "Thessaloniki/Chalkidiki"]
[Date "2019.03.17"]
[Round "8.2"]
[White "Dirlis, Nikolaos"]
[Black "Iskos, Alexandros"]
[Result "1/2-1/2"]
[WhiteElo "1908"]
[BlackElo "2215"]
[PlyCount "113"]
[EventDate "2019.01.13"]
[EventType "team-tourn"]
[EventRounds "9"]
[EventCountry "GRE"]
[SourceTitle "EXT 2020"]
[Source "ChessBase"]
[SourceDate "2019.10.17"]
[SourceVersion "1"]
[SourceVersionDate "2019.10.17"]
[SourceQuality "1"]
[WhiteTeam "Polygyrou ASO"]
[BlackTeam "Keravnos MAPO"]
[WhiteTeamCountry "GRE"]
[BlackTeamCountry "GRE"]

1. e4 c5 2. Nf3 d6 3. d4 cxd4 4. Nxd4 Nf6 5. Nc3 g6 6. Be3 Bg7 7. f3 0-0 8. Qd2 Nc6 9. g4 Bd7 10. 0-0-0 Re8 11. h4 Rc8 12. h5 Ne5 13. hxg6 fxg6 14. Nd5 e6 15. Nxf6+ Qxf6 16. Be2 Nc4 17. Bxc4 Rxc4 18. b3 Rc7 19. Qh2 Rec8 20. Rd2 e5 21. g5 Qe7 22. Qxh7+ Kf7 23. Nf5 gxf5 24. exf5 Bxf5 25. Qxf5+ Ke8 26. Rdh2 d5 27. g6 Qf6 28. Qxf6 Bxf6 29. Kb1 d4 30. Bc1 Ke7 31. Re2 Ke6 32. f4 Rc5 33. Rg1 Kf5 34. fxe5 Rxe5 35. Rf2+ Ke6 36. Bb2 Re4 37. Rgf1 Be5 38. Rg2 Rg8 39. a4 Rh4 40. Bc1 Rh3 41. Rg5 Bg7 42. Re1+ Kd7 43. Rf5 Bh6 44. Bxh6 Rxh6 45. Rd5+ Kc6 46. Rxd4 Rhxg6 47. Rc4+ Kd7 48. Rd1+ Rd6 49. Rxd6+ Kxd6 50. b4 Rg5 51. a5 a6 52. Kb2 Rh5 53. Kb3 Rg5 54. c3 Rh5 55. Rg4 Kc6 56. Rg6+ Kc7 57. Rb6 1/2-1/2

[Event "Thessaloniki-Chalkidiki CupT"]
[Site "Thessaloniki"]
[Date "2019.03.16"]
[Round "2.1"]
[White "Tsironis, Alexandros"]
[Black "Dirlis, Nikolaos"]
[Result "1-0"]
[WhiteElo "1973"]
[BlackElo "1908"]
[PlyCount "139"]
[EventDate "2019.02.09"]
[EventType "team-swiss"]
[EventRounds "5"]
[EventCountry "GRE"]
[SourceTitle "EXT 2021"]
[Source "ChessBase"]
[SourceDate "2020.10.23"]
[SourceVersion "1"]
[SourceVersionDate "2020.10.23"]
[SourceQuality "1"]

1. f4 d5 2. e3 g6 3. Be2 Bg7 4. Nf3 Nf6 5. 0-0 0-0 6. d3 c5 7. Qe1 b6 8. Nbd2 Bb7 9. Qh4 Nbd7 10. c3 e6 11. Bd1 Ne8 12. Qh3 Nd6 13. Bc2 e5 14. fxe5 Nxe5 15. Nxe5 Bxe5 16. Nf3 Bg7 17. e4 Bc8 18. Qg3 dxe4 19. dxe4 Qe7 20. Bf4 Nxe4 21. Bxe4 Qxe4 22. Ng5 Qc2 23. Rf2 Qa4 24. Bd6 Bd7 25. Raf1 f5 26. Bxf8 Rxf8 27. Qd6 Re8 28. Rd2 Bh6 29. Qd5+ Kh8 30. Nf7+ Kg7 31. Nxh6 Bc6 32. b3 Bxd5 33. bxa4 Bc4 34. Rf4 Re1+ 35. Kf2 Rf1+ 36. Kg3 Rxf4 37. Kxf4 Kxh6 38. a3 Bb3 39. Rd7 Bxa4 40. Rxa7 b5 41. h4 Bc2 42. Rc7 c4 43. g3 Bb3 44. Rd7 Bc2 45. Re7 Bd1 46. Rb7 Ba4 47. Kf3 g5 48. hxg5+ Kxg5 49. Rxh7 Bd1+ 50. Ke3 Kg4 51. Rg7+ Kh3 52. Kf2 Bc2 53. Ke3 Kg2 54. Kf4 Kf2 55. Rb7 Ke2 56. Rxb5 Kd2 57. a4 Bxa4 58. Rxf5 Kxc3 59. Ke3 Bd1 60. Rf1 Bb3 61. g4 Kb2 62. Rf2+ Kc3 63. g5 Bc2 64. Rxc2+ Kxc2 65. g6 c3 66. g7 Kb1 67. g8Q c2 68. Qb3+ Ka1 69. Qa3+ Kb1 70. Kd2 1-0

[Event "Thessaloniki/Chalkidiki-chT"]
[Site "Thessaloniki/Chalkidiki"]
[Date "2019.02.10"]
[Round "4.3"]
[White "Gioras, Ioannis"]
[Black "Dirlis, Nikolaos"]
[Result "0-1"]
[WhiteElo "1669"]
[BlackElo "1908"]
[PlyCount "128"]
[EventDate "2019.01.13"]
[EventType "team-tourn"]
[EventRounds "9"]
[EventCountry "GRE"]
[SourceTitle "EXT 2020"]
[Source "ChessBase"]
[SourceDate "2019.10.17"]
[SourceVersion "1"]
[SourceVersionDate "2019.10.17"]
[SourceQuality "1"]
[WhiteTeam "Moudanion"]
[BlackTeam "Polygyrou ASO"]
[WhiteTeamCountry "GRE"]
[BlackTeamCountry "GRE"]

1. e4 e6 2. d4 d5 3. Nd2 Nf6 4. e5 Nfd7 5. Bd3 c5 6. c3 b6 7. Ne2 Ba6 8. Nf3 Be7 9. 0-0 Bxd3 10. Qxd3 Nc6 11. Be3 c4 12. Qd2 b5 13. Bg5 Nb6 14. Ng3 Bxg5 15. Nxg5 h6 16. Nh3 g6 17. f3 Kd7 18. Rfe1 Kc7 19. Nf1 a5 20. Ne3 Qf8 21. b3 Rd8 22. Qb2 Rb8 23. Nf4 Qd8 24. Rac1 Rb7 25. Qd2 Kb8 26. Ne2 h5 27. f4 Qd7 28. Kh1 Rc8 29. Ng1 Qe7 30. Nf3 Qa3 31. Ra1 Qf8 32. Ng5 b4 33. bxc4 dxc4 34. Ne4 Rd8 35. Nd6 Rxd6 36. exd6 Qxd6 37. Nc2 Nd5 38. cxb4 axb4 39. g3 Nde7 40. Rad1 Qd5+ 41. Kg1 c3 42. Qd3 Qxa2 43. Ne3 Qa7 44. Kg2 Rd7 45. Nc2 Qb7 46. Kh3 Nd5 47. Ne3 Kc8 48. Nxd5 Rxd5 49. Qc4 Qb5 50. Qxb5 Rxb5 51. Rd3 Kd7 52. Kg2 Kd6 53. Kf3 Kd5 54. Ke3 Kc4 55. Rc1 Ne7 56. Ra1 Nd5+ 57. Ke2 b3 58. Ra4+ Nb4 59. Ra8 Nxd3 60. Rc8+ Nc5 61. dxc5 b2 62. c6 b1Q 63. Kf3 Qd3+ 64. Kg2 Rb2+ 0-1

[Event "Thessaloniki Vardaris op 4th"]
[Site "Thessaloniki"]
[Date "2018.02.17"]
[Round "3"]
[White "Stanojoski, Zvonko"]
[Black "Dirlis, Nikolaos"]
[Result "1-0"]
[WhiteElo "2461"]
[BlackElo "1892"]
[PlyCount "59"]
[EventDate "2018.02.15"]
[EventType "swiss"]
[EventRounds "7"]
[EventCountry "GRE"]
[SourceTitle "CBM 183 Extra"]
[Source "ChessBase"]
[SourceDate "2018.04.19"]
[SourceVersion "1"]
[SourceVersionDate "2018.04.19"]
[SourceQuality "1"]

1. e4 c6 2. d4 d5 3. Nd2 dxe4 4. Nxe4 Bf5 5. Ng3 Bg6 6. h4 h6 7. Nf3 e6 8. Ne5 Bh7 9. Qh5 Qe7 10. c3 Nf6 11. Qf3 Nbd7 12. Bf4 Nd5 13. Nc4 Nxf4 14. Qxf4 Nf6 15. Qf3 Qc7 16. Bd3 Bxd3 17. Qxd3 0-0-0 18. Ne4 c5 19. 0-0 Qf4 20. Rfe1 Qxh4 21. Ne5 Rd5 22. Nxf7 Rh5 23. Ng3 Qh2+ 24. Kf1 Nd5 25. Qf3 Rh4 26. Re4 Rg8 27. Rae1 g5 28. Rxe6 Nf4 29. Re8+ Kc7 30. R8e7+ 1-0

[Event "Thessaloniki Vardaris op 4th"]
[Site "Thessaloniki"]
[Date "2018.02.16"]
[Round "2"]
[White "Dirlis, Nikolaos"]
[Black "Dardha, Arben"]
[Result "0-1"]
[WhiteElo "1892"]
[BlackElo "2272"]
[PlyCount "66"]
[EventDate "2018.02.15"]
[EventType "swiss"]
[EventRounds "7"]
[EventCountry "GRE"]
[SourceTitle "CBM 183 Extra"]
[Source "ChessBase"]
[SourceDate "2018.04.19"]
[SourceVersion "1"]
[SourceVersionDate "2018.04.19"]
[SourceQuality "1"]

1. d4 Nf6 2. c4 e6 3. Nf3 d5 4. Nc3 c5 5. cxd5 Nxd5 6. Bd2 Nc6 7. e4 Nxc3 8. Bxc3 cxd4 9. Nxd4 Nxd4 10. Qxd4 Qxd4 11. Bxd4 Bb4+ 12. Kd1 0-0 13. Kc2 Rd8 14. Rd1 Bd7 15. Be2 a5 16. Kb1 Ba4 17. b3 Bc6 18. f3 a4 19. Bb6 Rdc8 20. Bc4 Bc3 21. Rc1 Be5 22. b4 a3 23. b5 Be8 24. g3 Bb2 25. Rc2 Rxc4 26. Rxc4 Bxb5 27. Rhc1 Bxc4 28. Rxc4 f5 29. Rc7 fxe4 30. fxe4 Ra4 31. Rxb7 Rxe4 32. Bc5 Re1+ 33. Kc2 Rc1+ 0-1

[Event "Aegean op 37th"]
[Site "Aghios Kirykos"]
[Date "2014.07.17"]
[Round "7"]
[White "Finokaliotis, Georgios"]
[Black "Dirlis, Nikolaos"]
[Result "1-0"]
[WhiteElo "2059"]
[BlackElo "1875"]
[PlyCount "119"]
[EventDate "2014.07.12"]
[EventType "swiss"]
[EventRounds "9"]
[EventCountry "GRE"]
[SourceTitle "CBM 161 Extra"]
[Source "ChessBase"]
[SourceDate "2014.08.29"]
[SourceVersion "1"]
[SourceVersionDate "2014.08.29"]
[SourceQuality "1"]

1. d4 d5 2. Nf3 e6 3. c4 c6 4. g3 Nf6 5. Bg2 Be7 6. 0-0 0-0 7. Nc3 b6 8. Nd2 Ba6 9. b3 Nbd7 10. e4 Rc8 11. Re1 Bb4 12. Bb2 dxe4 13. a3 Bxc3 14. Bxc3 b5 15. Bb4 c5 16. dxc5 Nxc5 17. Bxc5 Rxc5 18. b4 Rc7 19. c5 Rd7 20. Ra2 Bb7 21. Qc2 Bd5 22. Rb2 Qa8 23. Nxe4 Nxe4 24. Bxe4 Bxe4 25. Qxe4 Qxe4 26. Rxe4 Rc8 27. Kf1 Kf8 28. Ke2 Ke7 29. Re3 Kd8 30. h4 Kc7 31. a4 Kc6 32. Rd3 Rcd8 33. Ra3 Rb8 34. axb5+ Kxb5 35. Ra5+ Kc6 36. Ra6+ Kb5 37. Rba2 Ra8 38. R2a4 e5 39. R6a5+ Kc6 40. Ra2 f5 41. Rd2 Rad8 42. Rc2 Rb8 43. Ra6+ Kb5 44. Re6 e4 45. Re5 Ka4 46. c6 Rc7 47. Rxf5 Rxb4 48. Re5 Kb3 49. Rcc5 g6 50. Ke3 Rb6 51. Re6 a5 52. Rxa5 Rbxc6 53. Rxc6 Rxc6 54. Ra7 h5 55. Re7 Kc4 56. Kxe4 Rf6 57. f4 Kc5 58. Ke5 Ra6 59. Re6 Ra8 60. Rxg6 1-0

[Event "Odense Andersen op"]
[Site "Odense"]
[Date "2012.05.19"]
[Round "6"]
[White "Dirlis, Nikolaos"]
[Black "Caceres, Cipriano Sande"]
[Result "1-0"]
[WhiteElo "1852"]
[BlackElo "1731"]
[PlyCount "85"]
[EventDate "2012.05.16"]
[EventType "swiss"]
[EventRounds "9"]
[EventCountry "DEN"]
[SourceTitle "CBM 148 Extra"]
[Source "ChessBase"]
[SourceDate "2012.06.22"]
[SourceVersion "1"]
[SourceVersionDate "2012.06.22"]
[SourceQuality "1"]

1. e4 c5 2. Nf3 Nc6 3. Bb5 Nf6 4. Nc3 a6 5. Bxc6 dxc6 6. h3 e6 7. d3 Qc7 8. Be3 b5 9. 0-0 e5 10. Qd2 Be7 11. Nh2 Be6 12. f4 exf4 13. Bxf4 Qd7 14. Nf3 0-0-0 15. b3 h6 16. Be3 Qb7 17. Qf2 Nd7 18. e5 f5 19. d4 g5 20. dxc5 g4 21. hxg4 fxg4 22. Nd4 Rdf8 23. Qe2 Nxc5 24. Nxe6 Nxe6 25. Qxg4 Rxf1+ 26. Rxf1 Bg5 27. Qxe6+ Kb8 28. Bxg5 hxg5 29. Qd6+ Ka8 30. Rf8+ Rxf8 31. Qxf8+ Ka7 32. Qc5+ Kb8 33. e6 Qg7 34. Qd6+ Kb7 35. Qd7+ Qxd7 36. exd7 Kc7 37. Ne4 Kxd7 38. Nxg5 b4 39. Kf2 Kd6 40. Ke3 Kd5 41. Ne4 a5 42. g4 c5 43. g5 1-0

[Event "Odense Andersen op"]
[Site "Odense"]
[Date "2012.05.18"]
[Round "5"]
[White "Dirlis, Nikolaos"]
[Black "Johansen, Johnny Holler"]
[Result "0-1"]
[WhiteElo "1852"]
[BlackElo "1967"]
[PlyCount "88"]
[EventDate "2012.05.16"]
[EventType "swiss"]
[EventRounds "9"]
[EventCountry "DEN"]
[SourceTitle "CBM 148 Extra"]
[Source "ChessBase"]
[SourceDate "2012.06.22"]
[SourceVersion "1"]
[SourceVersionDate "2012.06.22"]
[SourceQuality "1"]

1. d4 Nf6 2. c4 e6 3. Nc3 Bb4 4. e3 c5 5. Nge2 Nc6 6. a3 cxd4 7. axb4 dxc3 8. bxc3 d6 9. Nd4 0-0 10. Be2 Bd7 11. 0-0 a5 12. Nxc6 Bxc6 13. b5 Be4 14. Ba3 Re8 15. Qxd6 Qxd6 16. Bxd6 Red8 17. Rfd1 Bc2 18. Rd2 Bb3 19. c5 Ne4 20. Rb2 a4 21. Bf3 f5 22. Bc7 Rdc8 23. Bxe4 fxe4 24. Bd6 Rd8 25. h3 Rac8 26. b6 Kf7 27. Bc7 Rd7 28. c6 bxc6 29. b7 Rdxc7 30. bxc8Q Rxc8 31. Rd2 Ke7 32. Kf1 Rb8 33. Ke1 Rb5 34. Rd4 Bc2 35. Kd2 c5 36. Kxc2 cxd4 37. exd4 Rf5 38. Rf1 Kd6 39. c4 Rg5 40. g3 Rf5 41. Kd2 Rf3 42. Ra1 a3 43. Ke2 Rd3 44. Ra2 Kc6 0-1

[Event "Odense Andersen op"]
[Site "Odense"]
[Date "2012.05.17"]
[Round "2"]
[White "Carlstedt, Jonathan"]
[Black "Dirlis, Nikolaos"]
[Result "1/2-1/2"]
[WhiteElo "2354"]
[BlackElo "1852"]
[PlyCount "110"]
[EventDate "2012.05.16"]
[EventType "swiss"]
[EventRounds "9"]
[EventCountry "DEN"]
[SourceTitle "CBM 148 Extra"]
[Source "ChessBase"]
[SourceDate "2012.06.22"]
[SourceVersion "1"]
[SourceVersionDate "2012.06.22"]
[SourceQuality "1"]

1. c4 c5 2. g3 g6 3. Bg2 Bg7 4. Nc3 Nc6 5. a3 d6 6. Rb1 a5 7. d3 Nf6 8. e4 0-0 9. Nge2 Ne8 10. Be3 Bg4 11. f3 Be6 12. 0-0 Nc7 13. b3 Nd4 14. b4 axb4 15. axb4 b6 16. Bf2 Nxe2+ 17. Nxe2 Qd7 18. Qb3 Qa4 19. Qxa4 Rxa4 20. bxc5 bxc5 21. Rb7 Rc8 22. Nf4 Kf8 23. Rfb1 Ke8 24. h4 Ra1 25. Rxa1 Bxa1 26. Be1 Bd4+ 27. Kf1 Bd7 28. Ba5 Ne6 29. Nd5 Ra8 30. Be1 Kd8 31. Rxd7+ Kxd7 32. Nb6+ Kc7 33. Nxa8+ Kb7 34. f4 Kxa8 35. f5 Nd8 36. Ba5 Nb7 37. Bb6 Kb8 38. fxg6 hxg6 39. g4 Kc8 40. h5 gxh5 41. gxh5 Nd8 42. Ba5 Nc6 43. Bd2 Kd8 44. h6 Ne5 45. Ke2 Ke8 46. Bh3 Kf8 47. Bg5 Ng6 48. Bf5 Bf6 49. Be3 Kg8 50. Bxg6 fxg6 51. Kf3 Kh7 52. Kg4 Be5 53. Bd2 Bd4 54. Bf4 Bf6 55. Be3 Be5 1/2-1/2